Normal view
MARC view
Entry Topical Term
001 - CONTROL NUMBER
- control field: 40748
003 - CONTROL NUMBER IDENTIFIER
- control field: ARRUPE
005 - DATE AND TIME OF LATEST TRANSACTION
- control field: 20180320092614.0
008 - FIXED-LENGTH DATA ELEMENTS
- fixed length control field: 180320|| aca||aabn | a|a d
040 ## - CATALOGING SOURCE
- Original cataloging agency: ARRUPE
- Transcribing agency: ARRUPE
150 ## - HEADING--TOPICAL TERM
- Topical term or geographic name as entry element: Civilization, Oriental.
670 ## - SOURCE DATA FOUND
- Source citation: Work cat.: (ARRUPE)0: Dean, Vera Micheles, 1903-1972. 40747, The nature of the non-Western world, [1966]